[Event "Dhaka Walton op 07"]
[Site "Dhaka"]
[Date "2018.07.04"]
[Round "1"]
[White "Md, Sariatullah"]
[Black "Asit, Kumar"]
[Result "1-0"]
[WhiteElo "2019"]
[BlackElo "1647"]
[PlyCount "41"]
[EventDate "2018.07.04"]
[EventType "swiss"]
[EventRounds "9"]
[EventCountry "BAN"]
[SourceTitle "EXT 2019"]
[Source "ChessBase"]
[SourceDate "2018.10.10"]
[SourceVersion "1"]
[SourceVersionDate "2018.10.10"]
[SourceQuality "1"]

1. e4 e5 2. Nf3 d6 3. Bc4 h6 4. 0-0 Nf6 5. d4 Bg4 6. dxe5 Bxf3 7. Qxf3 dxe5 8. Qb3 Qd7 9. Qxb7 c6 10. Qxa8 Bd6 11. Be3 c5 12. Bxc5 0-0 13. Bxd6 Qxd6 14. Qb7 Nbd7 15. Nc3 Nc5 16. Qxa7 Nfxe4 17. Nxe4 Nxe4 18. Rad1 Qc6 19. Bd5 Qc5 20. Bxf7+ Rxf7 21. Qa8+ 1-0

[Event "Dhaka SGS op"]
[Site "Dhaka"]
[Date "2017.06.05"]
[Round "3"]
[White "Mukitul, Islam Ripon"]
[Black "Asit, Kumar"]
[Result "1-0"]
[WhiteElo "1932"]
[BlackElo "1681"]
[PlyCount "45"]
[EventDate "2017.06.03"]
[EventType "swiss"]
[EventRounds "9"]
[EventCountry "BAN"]
[SourceTitle "EXT 2019"]
[Source "ChessBase"]
[SourceDate "2018.10.10"]
[SourceVersion "1"]
[SourceVersionDate "2018.10.10"]
[SourceQuality "1"]

1. e4 e5 2. Nf3 Nc6 3. d4 exd4 4. Nxd4 Nxd4 5. Qxd4 Qe7 6. Bc4 Qc5 7. Qd3 a6 8. a4 g6 9. 0-0 Bg7 10. c3 Nf6 11. Be3 Qh5 12. Bf4 Qc5 13. Nd2 0-0 14. b4 Qc6 15. h3 d6 16. b5 Qe8 17. b6 Nd7 18. bxc7 Ne5 19. Qxd6 Nxc4 20. Nxc4 Qxe4 21. Nb6 Ra7 22. Rfe1 Qc6 23. Nxc8 1-0